00422nam a2200097Ia 4500008004100000100002000041245010000061260006400161650001500225856008400240160712s9999 xx 000 0 und d aLam, Agnes S.L. cAgnes S.L. Lam,aThe Development of Poetic Identities: Chinese Voices in English from Hong Kong c2015bJournal of English Studies and Comparative Literature xLITERATURE uhttp://journals.upd.edu.ph/index.php/jescl/issue/view/Special%20Edition/showToc